000 00520nam a22001817a 4500
005 20251108171825.0
008 250721s1996 xx 000 0 ara d
082 1 4 _aط/750/محم
100 1 _aبكر، مصطفى
245 1 0 _aكتابي أنا /
264 1 _aالقاهرة :
_bالهيئة المصرية العامة للكتاب،
_c1996.
300 _a31ص
490 0 _aجائزة سوزان مبارك ؛ 1996
650 1 7 _aالرسم
650 1 7 _aالتلوين
942 _2ddc
_cBK
999 _c63510
_d63510